000 00977cam a2200289 a 4500
001 4515629
003 ARRUPE
005 20131104171207.0
008 970121r19921967cau b 001 0 eng
010 _a91050426
020 _a0062503049 (alk. paper) :
035 _a(OCoLC)24065099
035 _a(OCoLC)ocm24065099
035 _a(NNC)4515629
040 _aDLC
_cDLC
_dDLC
050 _aBL74
_b.F76 1992
100 1 _aEliade, Mircea,
_d1907-1986.
_tFrom primitives to Zen.
_93140
245 1 0 _aEssential sacred writings from around the world /
_cMircea Eliade
260 _a[San Francisco] :
_bHarperSanFrancisco,
_c1992
300 _axxv, 644 p. ;
_c24 cm
500 _aOriginally published: From primitives to Zen. New York : Harper & Row, 1967
504 _aIncludes bibliographical references (p. 635-643) and index
650 0 _aReligions
_xHistory
_vSources.
_93141
700 1 _aEliade, Mircea,
_d1907-1986.
_93142
942 _2lcc
_cMONOGRAPH
999 _c118491
_d118491